Southville International School and Colleges
Your cart is empty.
  • Cart
  • Lists
    Public lists Eva Luna New books Lux_list list_1
    Your lists Log in to create your own lists
  • Log in to your account
  • Your cookies
  • Search history
Southville International School and Colleges
  • Advanced search
  • Recent comments
  • Most popular
  • Libraries

Log in to your account

Log in with GOOGLE


If you do not have an external account, but do have a local account, you can still log in:

  1. Home
  2. MARC view: The secret langauge of the soul :
Normal view MARC view ISBD view

The secret langauge of the soul : (Record no. 283285)

[ view plain ]
MARC details
000 -LEADER
fixed length control field 00618nam a2200193Ia 4500
008 - FIXED-LENGTH DATA ELEMENTS--GENERAL INFORMATION
fixed length control field 150223s9999 xx 000 0 und d
020 ## - INTERNATIONAL STANDARD BOOK NUMBER
International Standard Book Number 0811838226
050 ## - LIBRARY OF CONGRESS CALL NUMBER
Classification number RZ 400
Item number .H791 1997
100 ## - MAIN ENTRY--PERSONAL NAME
Personal name Hope, Jane.
245 #4 - TITLE STATEMENT
Title The secret langauge of the soul :
Remainder of title a visual key to the spiritual world /
Statement of responsibility, etc Jane Hope.
260 ## - PUBLICATION, DISTRIBUTION, ETC. (IMPRINT)
Place of publication, distribution, etc London :
Name of publisher, distributor, etc Chronicle Books,
Date of publication, distribution, etc 1997
300 ## - PHYSICAL DESCRIPTION
Extent 272 pages :
Other physical details Colored, Illustration ;
Dimensions 17 cm.
504 ## - BIBLIOGRAPHY, ETC. NOTE
Bibliography, etc Includes Index.
650 ## - SUBJECT ADDED ENTRY--TOPICAL TERM
Topical term or geographic name as entry element Body and Soul.
650 ## - SUBJECT ADDED ENTRY--TOPICAL TERM
Topical term or geographic name as entry element Nature and the soul.
650 ## - SUBJECT ADDED ENTRY--TOPICAL TERM
Topical term or geographic name as entry element Soul and Cosmos
650 ## - SUBJECT ADDED ENTRY--TOPICAL TERM
Topical term or geographic name as entry element Soul and transcendence.
650 ## - SUBJECT ADDED ENTRY--TOPICAL TERM
Topical term or geographic name as entry element The Spirit World.

No items available.

The secret langauge of the soul :

APA

Hope J., . (1997). The secret langauge of the soul. London: Chronicle Books.

Chicago

Hope Jane, . 1997. The secret langauge of the soul. London: Chronicle Books.

Harvard

Hope J., . (1997). The secret langauge of the soul. London: Chronicle Books.

MLA

Hope Jane, . The secret langauge of the soul. London: Chronicle Books. 1997.

  • Print
  • Cite
  • Add to your cart (remove)
  • Save record
    BIBTEX Dublin Core MARCXML MARC (non-Unicode/MARC-8) MARC (Unicode/UTF-8) MARC (Unicode/UTF-8, Standard) MODS (XML) RIS
  • More searches
    Search for this title in:
    Other Libraries (WorldCat) Other Databases (Google Scholar) Online Stores (Bookfinder.com) Open Library (openlibrary.org)

Exporting to Dublin Core...

SOUTHVILLE LIBRARY

Southville International School and Colleges Library

1281 Tropical Ave. Cor. Luxembourg St., BF Homes International, Las Pinas City

Tel. No. 8256374 / 252358 Loc. 117/146

Powered by Koha